000 00808nam a22002175i 4500
001 168947
003 ES-MaACL
005 20230906213939.0
008 080630s1998 mx |||| | spa d
080 _a37.06(72)"15/17"
080 _a364.22(72)"15/17"
100 1 _aAbadie-Aicardi, Aníbal,
_917952
245 1 4 _aLos estudiantes pobres y el "beneficio de la pobreza" en la Universidad de México bajo los Austrias (1553-1700) /
_cAníbal Abadie-Aicardi.
260 _aMéxico :
_bUniversidad Nacional Autónoma de México,
_c1998.
300 _ap. [79]-123 ;
_c21 cm.
595 _aSeparata de Novahispania, 4.
650 1 4 _aUniversidades-
_zMéxico-
_yS.XVI-XVII.
_9138067
650 4 _aPobreza-
_zMéxico-
_yS.XVI-XVII.
_9138066
852 _aES-MaACL
_j2241-F-14
_9R.143743
999 _c168947
_d168947